Geography Quiz

Random Geography or City Quiz

New England Cities/Towns Ending in .... Quiz Stats

Quiz not verified by Sporcle

Challenge
Share
Tweet
Embed
Score 0/60 Timer 12:00
0 Plays Today
Ending City/Town % Correct
...fieldSpringfield
88.1%
...fordHartford
84.9%
...sterWorcester
81.7%
...sterManchester
81%
...sterManchester
81%
...burgFitchburg
68.3%
...landPortland
67.5%
...landPortland
67.5%
...fordStamford
66.7%
...fordNew Bedford
54.8%
...fieldPittsfield
50%
...fordWest Hartford
48.4%
...fieldWestfield
48.4%
...sterGloucester
48.4%
...fordEast Hartford
47.6%
...villeSomerville
47.6%
...sterLeominster
42.9%
...fordMilford
41.3%
...fordMedford
41.3%
...fieldFairfield
40.5%
...landSouth Portland
38.1%
...fieldEnfield
36.5%
...sterRochester
35.7%
...sterColchester
35.7%
...sterColchester
35.7%
...villeWaterville
35.7%
...fordWallingford
34.9%
...sterLeicester
34.9%
...villePlainville
34.9%
...villePlainville
34.9%
Ending City/Town % Correct
...burgLunenburg
34.1%
...burgLunenburg
34.1%
...landCumberland
34.1%
...landRutland
33.3%
...landRutland
33.3%
...fordChelmsford
32.5%
...fieldWest Springfield
32.5%
...fieldMarshfield
32.5%
...sterWinchester
30.2%
...burgWilliamsburg
27%
...fieldMansfield
25.4%
...landRockland
25.4%
...landRockland
25.4%
...fordStratford
23.8%
...landAshland
22.2%
...villeMillville
21.4%
...landWayland
21.4%
...fieldWakefield
19%
...burgIrasburg
17.5%
...fieldWethersfield
17.5%
...villeDanville
16.7%
...villeDanville
16.7%
...burgHinesburg
14.3%
...burgEnosburg
14.3%
...villeBurrillville
14.3%
...burgClarksburg
11.9%
...villeLakeville
10.3%
...villeMontville
7.9%
...burgAlburg
5.6%
...burgPhippsburg
3.2%

You're not logged in!

Compare scores with friends on all Sporcle quizzes.
Join for Free
OR
Log In

You Might Also Like...

Show Comments

Extras

Top Quizzes Today


Score Distribution

Your Account Isn't Verified!

In order to create a playlist on Sporcle, you need to verify the email address you used during registration. Go to your Sporcle Settings to finish the process.

Report this User

Report this user for behavior that violates our Community Guidelines.

Details: